| 000 | 00936nam a2200289 a 4500 | ||
|---|---|---|---|
| 008 | |||
| 020 | _a0838536026 (pbk.) | ||
| 049 | _aMAIN | ||
| 090 | 0 | 1 | _aRT48.6.R83 RUD |
| 100 | 1 | _aRudy, Ellen B. | |
| 245 | 1 | 0 |
_aHandbook of health assessment / _cEllen B. Rudy, V. Ruth Gray. |
| 250 | _a3rd ed. | ||
| 260 |
_aNorwalk, Conn. : _bAppleton & Lange , _c1991. |
||
| 300 |
_axiv, 305 p. : _bill. ; _c18 cm. |
||
| 500 | _aIncludes index. | ||
| 504 | _aIncludes bibliographical references: p. 293-294. | ||
| 650 | 0 |
_aNursing diagnosis _vHandbooks, manuals, etc. |
|
| 650 | 0 |
_aMedical history taking _vHandbooks, manuals, etc. |
|
| 650 | 0 |
_aPhysical diagnosis _vHandbooks, manuals, etc. |
|
| 700 | 1 | _aGray, V. Ruth. | |
| 740 | 0 | _aHealth assessment. | |
| 907 |
_a.b10142848 _b16-07-12 _c08-12-04 |
||
| 003 | |||
| 005 | 20230120203833.0 | ||
| 040 | _cNUST | ||
| 942 |
_cBOOKS _kRT48.6.R83 RUD |
||
| 999 |
_c112355 _d112355 |
||